Library of congress subject headings: principles and application (Record no. 5910)

MARC details
000 -LEADER
fixed length control field 00512nam a2200169Ia 4500
020 ## - INTERNATIONAL STANDARD BOOK NUMBER
ISBN 978-81-7000-516-2
082 ## - DEWEY DECIMAL CLASSIFICATION NUMBER
Classification number 025.49 CHA-L
100 ## - MAIN ENTRY--AUTHOR NAME
Personal name Chan, Lois Mai
245 #0 - TITLE STATEMENT
Title Library of congress subject headings: principles and application
250 ## - EDITION STATEMENT
Edition statement 4th ed.
260 ## - PUBLICATION, DISTRIBUTION, ETC. (IMPRINT)
Place of publication New Delhi
Name of publisher Ess Ess Publications
Year of publication 2007
300 ## - PHYSICAL DESCRIPTION
Number of Pages xvi, 549
440 ## - SERIES STATEMENT/ADDED ENTRY--TITLE
Title Library and information science text series
504 ## - BIBLIOGRAPHY, ETC. NOTE
Bibliography, etc Includes bibliography and index
650 ## - SUBJECT ADDED ENTRY--TOPICAL TERM
Topical Term Subject headings, Library of Congress
942 ## - ADDED ENTRY ELEMENTS (KOHA)
Koha item type Books
Holdings
Withdrawn status Lost status Damaged status Not for loan Home library Current library Date acquired Source of acquisition Bill Date Full call number Accession Number Price effective from Koha item type
        NASSDOC Library NASSDOC Library 17/03/2008 KK 2008-01-07 025.49 CHA-L 44138 18/04/2019 Books